|
|
|
|
| LEADER |
00000nam a22000007a 4500 |
| 003 |
cru CRAIS/IIS |
| 005 |
20211103101512.0 |
| 008 |
211103b |||||||| |||| 00| 0 spa d |
| 040 |
|
|
|c CRAIS/IIS
|
| 082 |
|
|
|a Rev0197 (9)1984
|
| 110 |
2 |
|
|9 3252
|a Centro de Estudios para la Acción Social
|
| 245 |
|
|
|a Costa Rica: Balance de la Situación/
|
| 260 |
|
|
|a San José, Costa Rica
|b CEPAS
|c Junio 1984
|
| 300 |
|
|
|a 22p.
|
| 440 |
|
|
|n No. 9
|
| 650 |
0 |
7 |
|0 TESAUROS
|
| 773 |
0 |
|
|0 19245
|9 4877
|a Centro de Estudios para la Acción Social
|d San José, Costa Rica: CEPAS
|o MFN: 1253
|t Costa Rica:
|
| 942 |
|
|
|2 ddc
|c PP
|h Rev0197 (9)
|6 REV0197_9
|
| 999 |
|
|
|c 43950
|d 43950
|